| 000 | 00523nam a2200169 4500 | ||
|---|---|---|---|
| 001 | 148083 | ||
| 003 | ES-MaACL | ||
| 005 | 20230906202424.0 | ||
| 007 | t| | ||
| 008 | 070214n19001990sp r ||||1| spa d | ||
| 100 | 1 |
_aSquillace, Fausto. _9107822 |
|
| 245 | 1 | 4 |
_aLas doctrinas sociológicas / _cFausto Squillace ; traducción de Eduardo Ovejero. |
| 260 |
_aMadrid : _b[s. n.], _c[19__] ( _fImp. de Gabriel L. Horno) |
||
| 300 |
_a2 tomos ; _c23 cm. |
||
| 700 | 1 |
_aOvejero, Eduardo. _987995 |
|
| 852 |
_aES-MaACL _jF-14961-62 |
||
| 999 |
_c148083 _d148083 |
||